000 01954cam a22004217i 4500
999 _c527314
_d527314
001 19654803
003 NUST
005 20190725052559.0
008 170520t20162016enkaa 001 0 eng
010 _a 2017304659
020 _a9780128032916
_q(paperback)
020 _a012803291X
_q(paperback)
038 _aM. Shaban
040 _aDLC
_beng
_erda
_cDLC
_dDLC
050 0 0 _aMLCM 2019/40063 (H)
082 _a005.8
_bCAR
100 1 _aCarvey, Harlan A.,
_eauthor.
_918477
245 1 0 _aWindows registry forensics :
_badvanced digital forensic analysis of the Windows Registry /
_cHarlan Carvey.
250 _aSecond edition
264 1 _aAmersterdam :
_bSyngress is an imprint of Elsevier,
_c[2016]
300 _axvi, 198 pages :
_billustrations ;
_c24 cm
336 _atext
_btxt
_2rdacontent
337 _aunmediated
_bn
_2rdamedia
338 _avolume
_bnc
_2rdacarrier
500 _aIncludes index.
500 _aMinimal Level Cataloging Plus.
_5DLC
505 0 _aRegistry analysis -- Processes and tools -- Analyzing the system hives -- Case studies: User hives -- RegRipper.
520 _aThe second edition provides the most in-depth guide to forensic investigations involving Windows Registry. This book is one of a kind, giving the background of the Registry to help users develop an understanding of the structure of registry hive files, as well as information stored within keys and values that can have a significant impact on forensic investigations. -- Back cover.
630 0 0 _aMicrosoft Windows (Computer file)
_918003
650 0 _aOperating systems (Computers)
_96657
650 0 _aComputer crimes
_xInvestigation
_xMethodology.
_918478
650 0 _aComputer networks
_xSecurity measures.
_9466
650 0 _aComputer security.
_9570
650 0 _aComponent software.
_918479
906 _a7
_bcbc
_corignew
_d2
_encip
_f20
_gy-gencatlg
942 _2ddc
_cBK